| 000 | 00491nam a22001817a 4500 | ||
|---|---|---|---|
| 003 | KOHA_MİRAKIL | ||
| 005 | 20251219110859.0 | ||
| 008 | 251219b tu ||||| |||| 00| 0 tur d | ||
| 020 | _a9786259865232 | ||
| 040 |
_aTR-AnABB _btur _cTR-AnABB |
||
| 041 | _atur | ||
| 082 |
_a368.3009561 _bYAS 2024 |
||
| 245 | 1 | 0 | _aYaşlılık ve güvenlik / |
| 260 |
_aAnkara : _bPolis Akademisi Yayınları, _c2024 |
||
| 300 |
_a125 sayfa ; _c24 cm |
||
| 650 | 0 | 4 | _aSosyal güvenlik |
| 942 |
_2ddc _cBK |
||
| 999 |
_c9799 _d9799 |
||
| 900 | _bGizem YORULMAZ | ||